Ever After High Characters - Royals & Rebels - Statistics

General Stats
  • This quiz has been taken 25 times
  • The average score is 20 of 33
Answer Stats
Answer % Correct
Apple White
100%
Raven Queen
100%
Briar Beauty
89%
Briar Beauty
89%
Daring Charming
89%
Hunter Huntsman
89%
Madeline Hatter
89%
Ashlynn Ella
78%
Ashlynn Ella
78%
Dexter Charming
78%
Cedar Wood
67%
Duchess Swan
67%
Holly O'Hair
67%
Kitty Cheshire
67%
Melody Piper
67%
Poppy O'Hair
67%
Cerise Hood
56%
Darling Charming
56%
Faybelle Thorn
56%
Lizzie Hearts
56%
Rosabella Beauty
56%
Alistair Wonderland
44%
Blondie Lockes
44%
Bunny Blanc
44%
C.A. Cupid
44%
Justine Dancer
44%
Farrah Goodfairy
33%
Nina Thumbell
33%
Courtly Jester
22%
Courtly Jester
22%
Ginger Breadhouse
22%
Jillian Beanstalk
22%
Meeshell Mermaid
22%
No matching quizzes found
Score Distribution
Percent of People with Each Score
Percentile by Number Answered
Your Score History
You have not taken this quiz